Greek Gods - Statistics

General Stats
  • This quiz has been taken 16,279 times
    16,089 since last reset
  • The average score is 16 of 25
Answer Stats
Hint % Correct
God of the underworld Hades
96%
God of the skies Zeus
96%
God of the seas Poseidon
91%
Queen of the gods Hera
87%
Goddess of beauty Aphrodite
86%
God of war Ares
85%
Goddess of wisdom Athena
85%
God of light Apollo
84%
Goddess of the hunt Artemis
80%
Queen of the underworld Persephone
71%
God of Wine Dionysus
67%
Mother Earth Gaea
67%
God of theives Hermes
65%
Goddess of harvest Demeter
64%
God of love Eros
60%
God of the sun Helios
55%
Goddess of hearth Hestia
51%
God of fire Hephaestus
48%
Goddess of the rainbow Iris
44%
God of sleep Hypnos
43%
God of sheperds Pan
36%
Goddess of night Nyx
32%
Goddess of the moon Selene
29%
Goddess of dawn Eos
23%
Goddess of music Muses
15%
No matching quizzes found
Score Distribution
Percent of People with Each Score
Percentile by Number Answered
Your Score History
You have not taken this quiz since the last reset